000 00408nam a2200169Ia 4500
003 OSt
005 20240226111735.0
008 170619s9999 xx 000 0 und d
020 _a9788178088174
040 _cIIMT ENGINEERING COLLEGE
100 _aGomez-Mejia- L. R.
245 0 _aManaging human resources
260 _bSingapore Pearson Pub.
260 _c2004
546 _aENGLISH
942 _2ddc
_c02
999 _c21889
_d21889